| 000 | 00787nam a2200229 i 4500 | ||
|---|---|---|---|
| 001 | 182958 | ||
| 003 | ES-MaACL | ||
| 005 | 20250905132504.0 | ||
| 008 | 140107s1925 fr |||| | fre d | ||
| 245 | 0 | 2 |
_aL'Evolution psychiatrique _b: psychanalyse, psychologie clinique / dir. A. Hesnard et R. Laforgue. |
| 260 |
_aParis : _bPayot, _c1925. |
||
| 300 |
_a302 p. ; _c23 cm. |
||
| 490 | 1 | _aBibliothèque scientifique | |
| 650 | 0 | 7 |
_aPsiquiatría _2embne _916586 |
| 650 | 0 | 4 |
_aPsicoanálisis. _916530 |
| 650 | 0 | 7 |
_aPsicología clínica _2embne _916553 |
| 700 | 1 |
_aLaforgue, René, _d1894-1962 _969519 |
|
| 700 | 1 |
_aHesnard, Angelo-Louis-Marie, _d1886-1969 _9144386 |
|
| 830 | 0 |
_aBibliothèque scientifique _9181657 |
|
| 852 |
_aES-MaACL _jB-3569 |
||
| 999 |
_c182958 _d182958 |
||